Chest x-ray interpretation / (Record no. 10421)

MARC details
000 -LEADER
fixed length control field 00680cam a22002292 4500
001 - CONTROL NUMBER
control field 0000024914
005 - DATE AND TIME OF LATEST TRANSACTION
control field 20151217152307.0
008 - FIXED-LENGTH DATA ELEMENTS--GENERAL INFORMATION
fixed length control field 140328s xx 000 0 eng d
020 ## - INTERNATIONAL STANDARD BOOK NUMBER
International Standard Book Number 1907816062 :
040 ## - CATALOGING SOURCE
Original cataloging agency KABU
Transcribing agency KABU
245 10 - TITLE STATEMENT
Title Chest x-ray interpretation /
Statement of responsibility, etc. Mike Darby ... [et al.].
250 ## - EDITION STATEMENT
Edition statement 1st ed.
260 ## - PUBLICATION, DISTRIBUTION, ETC. (IMPRINT)
Place of publication, distribution, etc. London :
Name of publisher, distributor, etc. JP Medical,
Date of publication, distribution, etc. 2012.
300 ## - PHYSICAL DESCRIPTION
Extent ix, 221 p.
650 #0 - SUBJECT ADDED ENTRY--TOPICAL TERM
Topical term or geographic name as entry element Chest
General subdivision Diseases
-- Diagnosis.
-- 0000185197
650 #0 - SUBJECT ADDED ENTRY--TOPICAL TERM
Topical term or geographic name as entry element Diagnosis, radioscopic.
-- 0000182587
650 #0 - SUBJECT ADDED ENTRY--TOPICAL TERM
Topical term or geographic name as entry element Xrays.
-- 0000185198
700 1# - ADDED ENTRY--PERSONAL NAME
Personal name Darby, Mike.
-- 0000185199
852 1# - LOCATION
-- p1950 KES
908 ## - PUT COMMAND PARAMETER (RLIN)
Put command parameter 140328
950 ## - LOCAL HOLDINGS (RLIN)
-- 1
Holdings
Withdrawn status Lost status Source of classification or shelving scheme Not for loan Home library Current library Date acquired Total Checkouts Full call number Barcode Date last seen Date last checked out Price effective from Koha item type
    Library of Congress Classification   Kabarak, Main Campus Kabarak, Main Campus 17/12/2015 6 RC78 .C44 2012 c. 1 017971 24/02/2025 16/02/2025 17/12/2015 General Collection
    Library of Congress Classification   Kabarak, Main Campus Kabarak, Main Campus 17/12/2015 3 RC78 .C44 2012 c. 2 023509 06/10/2025 27/09/2025 17/12/2015 General Collection
Designed with assistance from East African Informatics Ltd